000
00255nam a2200109Ia 4500
008
220204s9999 xx 000 0 und d
082
_a
159.9
_b
CAM
245
0
_a
Portable jung
260
_a
London
_b
Penguin
_c
1976
700
_a
Campbell, Joseph
942
_c
BK
999
_c
33063
_d
33063